000 00836nam a2200241Ia 4500
999 _c65232
_d65232
005 20240530110814.0
008 140319s2008 au a f b 000 0 ara d
017 _a2008/8733
_bمصر. دار الكتب
020 _a9774377095
040 _aGCL /
_cGCL
082 0 4 _221
_a791.430962 /
_bم م
100 0 _aمحمود على
245 1 0 _aمائة عام من الرقابة على السينما المصرية /
_cمحمود على
250 _aط.1
260 _aالقاهرة :
_bالمجلس الاعلى للثقافة،
_c2008 .
300 _a619 ص. :
_bايض. ؛
_c24 سم.
650 0 7 _aالسينما
_2qrmak
650 0 7 _aالافلام السينمائية
_xرقابة
650 0 7 _aالسينما
_2qrmak
_zمصر
651 _2qrmak
942 _2ddc
_cBK